000 00934nam a22002537a 4500
005 20240530110629.0
008 170112s2014 ua h g b 000 0 ara d
017 _a2013/10676
_bمصر. دار الكتب
020 _a9789774383801
040 _aEG-CaGPL
_cEG-CaGPL
082 0 4 _221
_a338.4791\
_bم ص
100 0 _aمحمد حسن النقاش
245 1 0 _aصناعة الرحلات السياحية /
_cتاليف محمد حسن النقاش
260 _aالاسكندرية :
_bالمكتب الجامعى الحديث ،
_c2014.
300 _a291 ص. :
_bصور ؛
_c24 سم.
504 _aيشتمل على ارجاعات ببليوجرافية
650 0 7 _2qrmak
_aالسياحة
650 0 7 _2qrmak
_aالسياحة
_xاقتصاديات
650 0 7 _2qrmak
_aالسياحة
_xصناعة
650 0 7 _2qrmak
_aالرحلات
651 _2qrmak
942 _2ddc
_cBK
999 _c63217
_d63217